000 01009nam a2200313 i 4500
001 bg
003 BPK
005 20220322083201.0
008 030715s2002 pl a f f |000 0 pol
015 _aPB 2003/11637
020 _a8388007920
040 _aWA N
_cBPK
041 0 _apol
080 _a517
080 _a512.64
080 _a(075.8+076)
100 1 _aJankowska, Kazimiera
_eAutor
245 1 0 _aZbiór zadań z matematyki /
_cKazimiera Jankowska, Tadeusz Jankowski.
250 _aWyd. 4.
260 _aGdańsk :
_bWydaw. Politechniki Gdańskiej,
_c2002.
300 _a147 s. :
_bil. ;
_c24 cm.
655 4 _aĆwiczenia i zadania dla szkół wyższych
650 4 _aAlgebra liniowa
650 4 _aAnaliza matematyczna
710 2 _aPolitechnika Gdańska.
_bWydawnictwo.
_4pbl.
700 1 _aJankowski, Tadeusz
_d(1940- )
_eAutor
856 _uhttp://koha.tu.koszalin.pl/cgi-bin/koha/opac-detail.pl?biblionumber=42075
_yKatalog online BPK
942 _2UKD
_cKS
999 _c42075
_d42075